000 00581nam a2200205Ia 4500
003 GCL
008 140319s9999 xx 000 0 ara d
040 _aGCL /
_cGCL
082 0 4 _a790.2
_bب ت
100 1 _aمحمد فتحى
245 1 0 _aالتمثيل فى المدارس /
_cمحمد فتحى
700 1 _aبيرتون، أ.ج
700 1 _aرياض محمد عسكر
260 _a[S.N] :
_bمؤسسة سجل العرب ،
_c1966
300 _a137 ص
490 _aالالف كتاب
_v0
650 0 4 _aالتمثيل
650 0 4 _aالمدارس
942 _2ddc
_cBK
999 _c35710
_d35710